000 00673nam a22002297a 4500
005 20170124105933.0
010 _aA-423387
020 _c00.00
_a8185176576
035 _aA-423387
037 _bCen Lib/Ret
040 _aDPL
_bEN
082 _a301.153
_bVER
100 _aVerma, S.L.
_98851
245 _aOn grounds of Gandhian policy :
_cby S.L. Verma
_blaedership relevance and problems /
260 _aJaipur
_bR B S A publishers
_c1990
270 _bJaipur
_aSMS highway
300 _axi,179p.
_c20cm(Hb)
500 _aIncludes index
650 _aPolitics
_96612
650 _aPolitician leader
_zIndia
_98852
942 _2ddc
_cEN
_h301.153
_mVER
999 _c123997
_d123997